000 00480nam a2200169 4500
001 118870
003 ES-MaACL
005 20230906191210.0
007 t|
008 070214s1956 sp r ||||1| spa d
100 1 _aPérez-Clotet, Pedro,
_d1902-1966
_990734
245 1 0 _aComo un sueño /
_cPedro Pérez-Clotet.
260 _aMadrid :
_bInsula,
_c1956.
300 _a108 p. :
_b`Retr. aut.` ;
_c20 cm.
852 _aES-MaACL
_jC-10449
_bR.38394
999 _c118870
_d118870